Statistics for Countries by HLTV Top 20 Appearances

Click here to take the quiz!

General Stats

  • This quiz has been taken 9 times
    (8 since last reset)
  • The average score is 19 of 24

Answer Stats

# of TimesBest Year(s)Answer% Correct
172016-2017 (4)Brazil
100%
72018, 2019, 2021 (2)Canada
100%
222014 (6)France
100%
42011, 2017, 2018, 2022 (1)Norway
100%
122011, 2013 (3)Poland
100%
162021 (4)Russia
100%
452010 (8)Sweden
100%
182010 (4)Ukraine
100%
142019 (3)United States
100%
22013, 2016 (1)Belgium
83%
412018 (6)Denmark
83%
42011, 2015, 2018, 2019 (1)Finland
83%
22010, 2020 (1)Germany
83%
12022 (1)Israel
83%
102020-2022 (2)Bosnia & Herzegovina
67%
12019 (1)Bulgaria
67%
52018-2022 (1)Estonia
67%
32017 (2)Kazakhstan
67%
72013-2018, 2022 (1)Slovakia
67%
12019 (1)Turkey
67%
22019, 2020 (1)Australia
50%
22017, 2018 (1)Czech Republic
50%
42021-2022 (2)Latvia
50%
12010 (1)South Korea
50%

Score Distribution

Percentile by Number Answered

Percent of People with Each Score

Your Score History

You have not taken this quiz since the last reset